[Event "4NCL Division 2c"]
[Site "Barcelo Hotel, Hinckley Island"]
[Date "2012.05.06"]
[Round "10.241"]
[White "McMichael, Richard J"]
[Black "Cooper, John G"]
[Result "1-0"]
[WhiteElo "2266"]
[BlackElo "2351"]
[PlyCount "65"]
[EventDate "2012.05.06"]
[WhiteTeam "Kings Head"]
[BlackTeam "South Wales Dragons"]

1. f4 g6 2. Nf3 Bg7 3. e4 c5 4. Be2 Nc6 5. d3 Nf6 6. c3 O-O 7. O-O d6 8. Qc2 b5
9. Kh1 b4 10. c4 Bg4 11. Be3 Nd7 12. Nbd2 e5 13. f5 gxf5 14. exf5 Ne7 15. h3
Bxf5 16. Ne4 Bg6 17. Nxd6 f5 18. g4 Qb6 19. gxf5 Bxf5 20. Ne4 Bxh3 21. Rg1 Ng6
22. Rg3 Bf5 23. Rag1 Kh8 24. Bf1 Bf6 25. Qh2 Bxe4 26. dxe4 Nf4 27. Bxf4 exf4
28. Qxh7+ Kxh7 29. Rh3+ Bh4 30. Rxh4+ Qh6 31. Ng5+ Kg6 32. Ne6+ Kh7 33. Rg7+
1-0

[Event "4NCL Division 2c"]
[Site "Barcelo Hotel, Hinckley Island"]
[Date "2012.05.06"]
[Round "10.242"]
[White "Zeidler, Sven P"]
[Black "Kwiatkowski, Feliks J"]
[Result "0-1"]
[WhiteElo "2279"]
[BlackElo "2241"]
[PlyCount "120"]
[EventDate "2012.05.06"]
[WhiteTeam "South Wales Dragons"]
[BlackTeam "Kings Head"]

1. e4 c5 2. f4 d5 3. Nc3 d4 4. Nb1 Nc6 5. Nf3 g6 6. a4 Bg7 7. d3 Nf6 8. Be2 O-O
9. Nbd2 e5 10. Nc4 exf4 11. Bxf4 Be6 12. b3 Bxc4 13. bxc4 Ng4 14. Rb1 b6 15.
O-O Bh6 16. Bxh6 Nxh6 17. h3 f6 18. Qd2 Nf7 19. Nh2 Qd6 20. Rf2 Nfe5 21. Rbf1
Rf7 22. Qh6 Raf8 23. h4 Nb4 24. Bg4 Na2 25. Ra1 Nc3 26. a5 bxa5 27. Rxa5 Qb6
28. Ra1 a5 29. Bh3 a4 30. Nf3 Qd6 31. Qf4 Kg7 32. Raf1 a3 33. Nd2 a2 34. Nb3
Qb6 35. h5 g5 36. h6+ Kxh6 37. Qh2 Kg7 38. Bf5 h5 39. Qh3 h4 40. Be6 Re7 41.
Bg4 Qd6 42. Bf5 Rb7 43. Be6 Re7 44. Bf5 Rh8 45. g3 Nxd3 46. Rh2 Ne5 47. gxh4
Rxh4 48. Qg2 Ng6 49. Rh1 Rxh1+ 50. Kxh1 Nh4 51. Qg4 Nxf5 52. exf5 Re4 53. Qg2
Ne2 54. Rf3 Rh4+ 55. Rh3 Rxh3+ 56. Qxh3 Qg3 57. Qh2 Qxh2+ 58. Kxh2 g4 59. Kg2
Kh6 60. Kf2 Nc1 0-1

[Event "4NCL Division 2c"]
[Site "Barcelo Hotel, Hinckley Island"]
[Date "2012.05.06"]
[Round "10.243"]
[White "Wittmann, Jochen"]
[Black "Redmond, John P"]
[Result "1/2-1/2"]
[WhiteElo "2216"]
[BlackElo "2246"]
[PlyCount "83"]
[EventDate "2012.05.06"]
[WhiteTeam "Kings Head"]
[BlackTeam "South Wales Dragons"]

1. e4 e6 2. b3 d5 3. Bb2 Nf6 4. e5 Nfd7 5. Qg4 c5 6. f4 Nc6 7. Nf3 f5 8. Qg3
Nb6 9. Be2 Bd7 10. O-O Nb4 11. Na3 a6 12. Ng5 Qe7 13. Nxh7 O-O-O 14. Ng5 Qe8
15. c3 Nc6 16. Nc2 Be7 17. d4 Kb8 18. Qe3 cxd4 19. Nxd4 Nxd4 20. cxd4 Nc8 21.
Nf3 Na7 22. Rfc1 Qh5 23. a4 Nc6 24. Ba3 Nb4 25. Qc3 Rc8 26. Qd2 Rxc1+ 27. Rxc1
a5 28. Qc3 Rc8 29. Qe3 Rh8 30. h3 Qe8 31. Ne1 Qd8 32. Bxb4 axb4 33. Nf3 Rg8 34.
Ng5 Bxg5 35. fxg5 Rh8 36. Qf4 g6 37. Kf2 Qb6 38. h4 Qa7 39. h5 gxh5 40. g6 Qb6
41. Rh1 Be8 42. Rxh5 1/2-1/2

[Event "4NCL Division 2c"]
[Site "Barcelo Hotel, Hinckley Island"]
[Date "2012.05.06"]
[Round "10.244"]
[White "James, David J"]
[Black "Thomas, Rik H"]
[Result "1-0"]
[WhiteElo "2133"]
[BlackElo "2197"]
[PlyCount "85"]
[EventDate "2012.05.06"]
[WhiteTeam "South Wales Dragons"]
[BlackTeam "Kings Head"]

1. d4 g6 2. c4 Bg7 3. e4 d6 4. Nc3 Nc6 5. d5 Nd4 6. Be3 c5 7. Nge2 Qb6 8. Na4
Qa5+ 9. Bd2 Qa6 10. Nxd4 Bxd4 11. Be2 Bd7 12. Nc3 Qb6 13. Rb1 h5 14. O-O Nf6
15. h3 a6 16. Bd3 Nh7 17. Ne2 Bg7 18. Bc3 Bxc3 19. Nxc3 O-O-O 20. a3 a5 21. b4
axb4 22. axb4 cxb4 23. Na2 Kc7 24. Rxb4 Qc5 25. Qb3 b6 26. Rb1 Rb8 27. Nc3 Nf6
28. Nb5+ Kd8 29. Qb2 Rf8 30. e5 Ne8 31. exd6 exd6 32. Nc3 f5 33. Ne2 g5 34. Nd4
h4 35. Rb5 Qc7 36. Ne6+ Bxe6 37. dxe6 Ng7 38. Re1 Ke8 39. Qc2 Rc8 40. Qb1 Rb8
41. Bxf5 Nxf5 42. Rxf5 Qe7 43. Rf7 1-0

[Event "4NCL Division 2c"]
[Site "Barcelo Hotel, Hinckley Island"]
[Date "2012.05.06"]
[Round "10.246"]
[White "Jameson, David"]
[Black "Mackenzie, Colin"]
[Result "1-0"]
[WhiteElo "2076"]
[BlackElo "2096"]
[PlyCount "145"]
[EventDate "2012.05.06"]
[WhiteTeam "South Wales Dragons"]
[BlackTeam "Kings Head"]

1. e4 e6 2. d4 d5 3. Nd2 c5 4. exd5 exd5 5. Ngf3 Nc6 6. Bb5 Bd6 7. dxc5 Bxc5 8.
O-O Nge7 9. Nb3 Bd6 10. Re1 O-O 11. Bd2 Bg4 12. Bc3 f6 13. h3 Bh5 14. Nbd4 Nxd4
15. Bxd4 Rc8 16. Be2 Bb8 17. Nh4 Bf7 18. Bd3 Qd6 19. g3 Qd7 20. Kh2 Rfe8 21. c3
Bg6 22. Nxg6 hxg6 23. Rxe7 Qxe7 24. Bxg6 Qe2 25. Bxe8 Rxe8 26. Qxe2 Rxe2 27.
Rb1 b5 28. Kg2 Re4 29. Kf1 Kf7 30. Re1 g6 31. Rd1 f5 32. Bh8 Re8 33. Bd4 Re4
34. Rd3 a6 35. b3 Re8 36. Bb6 Ke6 37. Re3+ Kd7 38. Rxe8 Kxe8 39. Ke2 Kd7 40.
Bd4 Ke6 41. f4 Bd6 42. Kd3 Bc7 43. Bc5 Bd8 44. Ba7 Ba5 45. Kd4 Kd6 46. Bb8+ Ke6
47. c4 dxc4 48. bxc4 bxc4 49. Kxc4 Bb6 50. g4 fxg4 51. hxg4 Be3 52. Kd3 Bb6 53.
Ke4 Bd8 54. Be5 Be7 55. Bc3 Bf8 56. f5+ gxf5+ 57. gxf5+ Kd7 58. Kd5 Be7 59. Ba5
Bf8 60. f6 Ba3 61. Bc3 Bf8 62. Bd4 Ba3 63. Bc3 Bf8 64. a4 Bd6 65. Bd4 Bf8 66.
Bc5 Bh6 67. Bb4 Bg5 68. f7 Bh6 69. Ke5 a5 70. Ba3 Bg7+ 71. Kf5 Bh6 72. Kg6 Ke6
73. Bc5 1-0

[Event "4NCL Division 2d"]
[Site "Barcelo Hotel, Hinckley Island"]
[Date "2012.05.06"]
[Round "10.251"]
[White "Girdlestone, Paul C"]
[Black "Sanders, Isaac B"]
[Result "1/2-1/2"]
[WhiteElo "2191"]
[BlackElo "2103"]
[PlyCount "21"]
[EventDate "2012.05.06"]
[WhiteTeam "Brown Jack"]
[BlackTeam "Barbican Youth"]

1. e4 c5 2. b3 b6 3. Bb2 Bb7 4. Nc3 e6 5. Nf3 Nc6 6. Bd3 d6 7. O-O Nge7 8. Re1
Ng6 9. Bf1 Nge5 10. Nd5 a6 11. Nxe5 1/2-1/2

[Event "4NCL Division 2d"]
[Site "Barcelo Hotel, Hinckley Island"]
[Date "2012.05.06"]
[Round "10.252"]
[White "Sands, David A"]
[Black "Richmond, Peter A"]
[Result "1/2-1/2"]
[WhiteElo "2239"]
[BlackElo "2228"]
[PlyCount "25"]
[EventDate "2012.05.06"]
[WhiteTeam "Barbican Youth"]
[BlackTeam "Brown Jack"]

1. d4 d5 2. Nf3 Nc6 3. Bf4 Bg4 4. e3 e6 5. Be2 Bd6 6. Bg3 Nf6 7. Nbd2 O-O 8.
O-O Bxg3 9. hxg3 Ne7 10. c4 c6 11. Ne5 Bxe2 12. Qxe2 Nd7 13. Nxd7 1/2-1/2

[Event "4NCL Division 2d"]
[Site "Barcelo Hotel, Hinckley Island"]
[Date "2012.05.06"]
[Round "10.253"]
[White "Hall, Daniel J"]
[Black "O'Toole, George E"]
[Result "0-1"]
[WhiteElo "2120"]
[BlackElo "2177"]
[PlyCount "84"]
[EventDate "2012.05.06"]
[WhiteTeam "Brown Jack"]
[BlackTeam "Barbican Youth"]

1. e4 e5 2. Nf3 Nc6 3. Bb5 a6 4. Ba4 Nf6 5. d4 exd4 6. O-O Be7 7. Re1 b5 8. e5
Nxe5 9. Rxe5 bxa4 10. Nxd4 O-O 11. Nf5 Re8 12. Bg5 d6 13. Nxe7+ Rxe7 14. Rxe7
Qxe7 15. Nc3 Bb7 16. Qd4 Re8 17. h3 Qe5 18. Qxe5 Rxe5 19. Bf4 Re8 20. a3 Bc6
21. f3 Nd7 22. Rd1 Rb8 23. Bc1 f6 24. Nd5 Bxd5 25. Rxd5 Rb5 26. Rd4 Nb6 27. Kf2
d5 28. Rd3 Rc5 29. Rd2 Kf7 30. Re2 Rb5 31. Ke3 c5 32. Kd3 Nc4 33. Kc3 Ne5 34.
f4 Nc6 35. g3 Rb7 36. Rd2 Nd4 37. Rd3 Re7 38. Be3 Ne2+ 39. Kd2 Nxg3 40. Bg1
Ne4+ 41. Kd1 Rd7 42. c4 d4 0-1

[Event "4NCL Division 2d"]
[Site "Barcelo Hotel, Hinckley Island"]
[Date "2012.05.06"]
[Round "10.254"]
[White "Brett, Andrew R"]
[Black "Hackett, Dave G"]
[Result "0-1"]
[WhiteElo "2087"]
[BlackElo "2130"]
[PlyCount "60"]
[EventDate "2012.05.06"]
[WhiteTeam "Barbican Youth"]
[BlackTeam "Brown Jack"]

1. c4 Nf6 2. Nc3 g6 3. g3 Bg7 4. Bg2 O-O 5. e4 d6 6. Nge2 Nc6 7. O-O e5 8. d3
Nd4 9. Nxd4 exd4 10. Ne2 c5 11. a3 Rb8 12. b4 b5 13. bxc5 dxc5 14. Rb1 Bd7 15.
Bf4 Rb6 16. cxb5 Bxb5 17. a4 Ba6 18. Rc1 Nd7 19. Qd2 Rb3 20. Qa2 Rxd3 21. Rc2
Re8 22. Rb1 c4 23. Rxc4 g5 24. Bc7 Qe7 25. Rc6 Ra3 26. Qd2 Rxa4 27. Qd1 Qa3 28.
Rb3 Bxe2 29. Qc2 Qa1+ 30. Rb1 d3 0-1

[Event "4NCL Division 2d"]
[Site "Barcelo Hotel, Hinckley Island"]
[Date "2012.05.06"]
[Round "10.255"]
[White "Richmond, Jane"]
[Black "Regan, Natasha K"]
[Result "1-0"]
[WhiteElo "2074"]
[BlackElo "2096"]
[PlyCount "95"]
[EventDate "2012.05.06"]
[WhiteTeam "Brown Jack"]
[BlackTeam "Barbican Youth"]

1. d4 Nf6 2. Nc3 d5 3. Bg5 Nbd7 4. Nf3 c6 5. e3 g6 6. Bxf6 Nxf6 7. Ne5 Bg7 8.
f4 Qa5 9. Qd2 O-O 10. Be2 c5 11. O-O Be6 12. Bf3 Rfd8 13. a3 Nd7 14. b4 cxb4
15. axb4 Qc7 16. Na4 b6 17. Nxd7 Rxd7 18. c4 Re8 19. c5 bxc5 20. bxc5 Bf5 21.
Nc3 Qc6 22. Ra5 Be4 23. Be2 Rb7 24. Bb5 Qc7 25. Nxd5 Bxd5 26. Bxe8 Qb8 27. Ba4
Rb2 28. Bc2 Qd8 29. Rxa7 Be4 30. Bxe4 Rxd2 31. Ra8 Qxa8 32. Bxa8 Rd3 33. Kf2 g5
34. Ke2 Rb3 35. Bd5 Rb2+ 36. Kd3 e6 37. Bc4 gxf4 38. c6 Rb8 39. Rxf4 Rc8 40.
Bb5 Kf8 41. Rf1 Ke7 42. Kc4 f5 43. Ra1 Rc7 44. Kc5 Bf6 45. Ra8 Bg5 46. Kb6 Kd6
47. Re8 Rg7 48. Bc4 1-0

[Event "4NCL Division 2d"]
[Site "Barcelo Hotel, Hinckley Island"]
[Date "2012.05.06"]
[Round "10.5"]
[White "Jones, Richard S"]
[Black "Beckett, Chris J"]
[Result "1-0"]
[WhiteElo "2395"]
[BlackElo "2101"]
[PlyCount "67"]
[EventDate "2012.05.06"]
[WhiteTeam "Rhyfelwyr Essyllwg"]
[BlackTeam "Cambridge University 2"]

1. e4 e6 2. d4 d5 3. Nc3 Bb4 4. e5 c5 5. a3 Bxc3+ 6. bxc3 Qa5 7. Bd2 Qa4 8. Qg4
g6 9. Qd1 b6 10. Nf3 Nc6 11. Bd3 c4 12. h4 h5 13. Bg5 Bd7 14. g4 Nce7 15. gxh5
Rxh5 16. Be2 Rh8 17. Nh2 O-O-O 18. Ng4 Rf8 19. Qc1 Kb8 20. Qb2 Nc6 21. f4 Bc8
22. Kf2 Bd7 23. Rh2 Kc7 24. Rah1 a5 25. h5 Rxh5 26. Rxh5 gxh5 27. Rxh5 Nce7 28.
Rh8 Ng6 29. Rh7 Kc6 30. Bf3 N6e7 31. Nh6 Be8 32. Rh8 f6 33. exf6 Rxf6 34. Nxg8
1-0

[Event "4NCL Division 2d"]
[Site "Barcelo Hotel, Hinckley Island"]
[Date "2012.05.06"]
[Round "10.6"]
[White "Spencer, Carl J"]
[Black "Brown, Tom"]
[Result "1/2-1/2"]
[WhiteElo "2171"]
[BlackElo "2082"]
[PlyCount "87"]
[EventDate "2012.05.06"]
[WhiteTeam "Cambridge University 2"]
[BlackTeam "Rhyfelwyr Essyllwg"]

1. e4 c6 2. d4 d5 3. Nc3 dxe4 4. Nxe4 Bf5 5. Ng3 Bg6 6. Nf3 Nd7 7. h4 h6 8. h5
Bh7 9. Bd3 Bxd3 10. Qxd3 e6 11. Bf4 Qa5+ 12. Bd2 Bb4 13. Qb3 Bxd2+ 14. Nxd2
Ngf6 15. O-O-O O-O 16. Nc4 Qc7 17. Kb1 b5 18. Nd2 a5 19. Nge4 Rfd8 20. Qf3 Nd5
21. g4 Qf4 22. Qg2 N7f6 23. g5 Qg4 24. Qxg4 Nxg4 25. Rhg1 f5 26. gxh6 Nxh6 27.
Nc5 Nf4 28. Nf3 Ng4 29. Ng5 e5 30. dxe5 Nxe5 31. Rxd8+ Rxd8 32. Nge6 Nxe6 33.
Nxe6 Rd7 34. c3 Nf3 35. Rg3 Nd2+ 36. Kc1 Ne4 37. Rg2 Kh8 38. f3 Nf6 39. Nd4 b4
40. Rg5 bxc3 41. bxc3 c5 42. Nc6 Nd5 43. Ne5 Rb7 44. Kc2 1/2-1/2

[Event "4NCL Division 2d"]
[Site "Barcelo Hotel, Hinckley Island"]
[Date "2012.05.06"]
[Round "10.7"]
[White "Spice, Alan P"]
[Black "Churm, Rohan M"]
[Result "1/2-1/2"]
[WhiteElo "2129"]
[BlackElo "2161"]
[PlyCount "62"]
[EventDate "2012.05.06"]
[WhiteTeam "Rhyfelwyr Essyllwg"]
[BlackTeam "Cambridge University 2"]

1. Nc3 d5 2. e4 d4 3. Nce2 Nc6 4. Ng3 a6 5. a3 Nf6 6. f4 h5 7. e5 Nd5 8. d3 h4
9. Ne4 Bf5 10. Be2 e6 11. Nf3 Qd7 12. Bd2 O-O-O 13. Qc1 f6 14. Nf2 g5 15. fxg5
fxe5 16. c4 dxc3 17. bxc3 Bc5 18. Ne4 Bxe4 19. dxe4 Nf4 20. Bxf4 exf4 21. Qxf4
Qg7 22. Qf6 Qxf6 23. gxf6 Rdf8 24. e5 Rh5 25. Nd4 Rxe5 26. Nxc6 bxc6 27. Rf1 a5
28. Rf4 Rf5 29. Rxf5 exf5 30. a4 Rxf6 31. Kd2 Kd7 1/2-1/2

[Event "4NCL Division 2d"]
[Site "Barcelo Hotel, Hinckley Island"]
[Date "2012.05.06"]
[Round "10.11"]
[White "Reid, Vaness"]
[Black "Lee, Richard WY"]
[Result "0-1"]
[WhiteElo "1837"]
[BlackElo "2031"]
[PlyCount "88"]
[EventDate "2012.05.06"]
[WhiteTeam "Rhyfelwyr Essyllwg"]
[BlackTeam "Cambridge University 2"]

1. d4 d5 2. c4 c6 3. cxd5 cxd5 4. Nc3 Nf6 5. Nf3 Nc6 6. Bf4 a6 7. e3 Bg4 8. Be2
e6 9. O-O Be7 10. h3 Bxf3 11. Bxf3 O-O 12. Re1 Rc8 13. a3 b5 14. Be2 Qb6 15.
Bd3 Na5 16. Qe2 Nc4 17. Bxc4 Rxc4 18. Rec1 Rfc8 19. Na2 Ne4 20. Rxc4 Rxc4 21.
Rc1 Nd6 22. Bxd6 Bxd6 23. Rxc4 dxc4 24. Qf3 g6 25. Qd1 a5 26. Qc2 Qc7 27. Nc3
Qc6 28. Ne4 Be7 29. Nd2 Kf8 30. Nf3 Bd6 31. Nd2 Be7 32. Qc3 Qc7 33. d5 Kg8 34.
dxe6 fxe6 35. Nf3 b4 36. axb4 axb4 37. Qc2 Bf6 38. Qe4 Bxb2 39. Qxe6+ Kg7 40.
Ng5 c3 41. Qb3 c2 42. Qxb2+ Qc3 43. Qc1 b3 44. Ne6+ Kh8 0-1

[Event "4NCL Division 2d"]
[Site "Barcelo Hotel, Hinckley Island"]
[Date "2012.05.06"]
[Round "10.16"]
[White "Williams, Winston"]
[Black "Ivell, Nicholas W"]
[Result "0-1"]
[WhiteElo "2181"]
[BlackElo "2335"]
[PlyCount "136"]
[EventDate "2012.05.06"]
[WhiteTeam "Bradford DCA Knights A"]
[BlackTeam "Spirit of Atticus"]

1. c3 Nf6 2. f4 g6 3. Nf3 Bg7 4. g3 O-O 5. Bg2 d6 6. O-O Nbd7 7. d3 e5 8. e4
exf4 9. Bxf4 h6 10. Kh1 Kh7 11. Nbd2 d5 12. Qc2 dxe4 13. Nxe4 Nxe4 14. dxe4 Nc5
15. Rad1 Qe7 16. Rfe1 Bg4 17. h3 Bxf3 18. Bxf3 Rad8 19. b4 Ne6 20. Be3 Qf6 21.
Bg4 Qxc3 22. Qxc3 Bxc3 23. Rxd8 Rxd8 24. Rc1 Be5 25. Bxe6 fxe6 26. Bf4 Bxf4 27.
gxf4 Rd7 28. Rc5 Kg7 29. Kg2 c6 30. b5 cxb5 31. Rxb5 b6 32. a4 Rd2+ 33. Kg3
Rd3+ 34. Kg2 Ra3 35. Rb4 Kf6 36. Rc4 g5 37. a5 Rxa5 38. Kg3 Ra3+ 39. Kg4 h5+
40. Kxh5 Rxh3+ 41. Kg4 Rh4+ 42. Kf3 Rxf4+ 43. Ke3 Ke5 44. Rb4 a6 45. Rxb6 Rxe4+
46. Kf3 Ra4 47. Rb8 g4+ 48. Kg3 a5 49. Rb5+ Kf6 50. Rb8 Rb4 51. Rf8+ Ke5 52.
Ra8 a4 53. Ra5+ Kf6 54. Ra8 e5 55. Rf8+ Ke7 56. Ra8 Kd6 57. Ra6+ Kd5 58. Ra5+
Kd4 59. Kxg4 Kd3+ 60. Kg3 e4 61. Rd5+ Rd4 62. Ra5 Ke2 63. Kg2 e3 64. Rc5 Rg4+
65. Kh3 Kf3 66. Rc3 Re4 67. Ra3 Kf2 68. Ra2+ e2 0-1

[Event "4NCL Division 2d"]
[Site "Barcelo Hotel, Hinckley Island"]
[Date "2012.05.06"]
[Round "10.17"]
[White "Smith, Andrew P"]
[Black "Bak, Andrew"]
[Result "1/2-1/2"]
[WhiteElo "2204"]
[BlackElo "2027"]
[PlyCount "47"]
[EventDate "2012.05.06"]
[WhiteTeam "Spirit of Atticus"]
[BlackTeam "Bradford DCA Knights A"]

1. e4 c5 2. Nf3 Nc6 3. d4 cxd4 4. Nxd4 Nf6 5. Nc3 e5 6. Nb3 Bb4 7. Bc4 Nxe4 8.
Bxf7+ Kf8 9. O-O Bxc3 10. bxc3 Nxc3 11. Qh5 Ne2+ 12. Qxe2 Kxf7 13. f4 Re8 14.
fxe5+ Kg8 15. Qc4+ Kh8 16. Bb2 Nxe5 17. Qd5 d6 18. Rad1 Bg4 19. Rd4 Qb6 20. Kh1
Qc6 21. Qxc6 bxc6 22. Na5 d5 23. h3 Bd7 24. Rb4 1/2-1/2

[Event "4NCL Division 2d"]
[Site "Barcelo Hotel, Hinckley Island"]
[Date "2012.05.06"]
[Round "10.18"]
[White "Hackner, Oskar A"]
[Black "Jackson, Sheila"]
[Result "0-1"]
[WhiteElo "1987"]
[BlackElo "2162"]
[PlyCount "62"]
[EventDate "2012.05.06"]
[WhiteTeam "Bradford DCA Knights A"]
[BlackTeam "Spirit of Atticus"]

1. d4 Nf6 2. c4 e6 3. Nc3 Bb4 4. f3 c5 5. d5 Bxc3+ 6. bxc3 e5 7. d6 h6 8. f4 e4
9. f5 Nc6 10. Bf4 O-O 11. e3 Re8 12. h4 Ne5 13. Be2 Qa5 14. Rc1 Qxa2 15. Rc2
Qb3 16. g4 Nd3+ 17. Bxd3 exd3 18. Qxd3 Qb1+ 19. Kf2 Nxg4+ 20. Kg3 h5 21. Kg2
Rxe3 22. Qd2 Re1 23. Rb2 Qe4+ 24. Kg3 Rf1 25. Nh3 Rxh1 26. Qe2 Rxh3+ 27. Kxh3
Qxf4 28. Rd2 Qe3+ 29. Qxe3 Nxe3 30. f6 Nxc4 31. Rg2 g6 0-1

[Event "4NCL Division 2d"]
[Site "Barcelo Hotel, Hinckley Island"]
[Date "2012.05.06"]
[Round "10.21"]
[White "Connor, Stephen J"]
[Black "Edwards-Wright, Miles D"]
[Result "1/2-1/2"]
[WhiteElo "2069"]
[BlackElo "1995"]
[PlyCount "52"]
[EventDate "2012.05.06"]
[WhiteTeam "Spirit of Atticus"]
[BlackTeam "Bradford DCA Knights A"]

1. e4 g6 2. d4 Bg7 3. Nc3 d6 4. Be3 a6 5. a4 b6 6. Qd2 Bb7 7. f3 Nd7 8. Bc4 c6
9. Bb3 b5 10. axb5 axb5 11. Rxa8 Qxa8 12. Nh3 h6 13. O-O Ngf6 14. Nf4 g5 15.
Nfe2 O-O 16. h4 Nh7 17. hxg5 hxg5 18. Bxg5 b4 19. Na4 Ba6 20. Be3 Bb5 21. c4
Bxa4 22. Ra1 Bxb3 23. Rxa8 Rxa8 24. Qxb4 Rb8 25. Qxb3 c5 26. Qc3 Bxd4 1/2-1/2

[Event "4NCL Division 2d"]
[Site "Barcelo Hotel, Hinckley Island"]
[Date "2012.05.06"]
[Round "10.22"]
[White "Patrick, David A"]
[Black "Robertson, David J"]
[Result "0-1"]
[WhiteElo "1953"]
[BlackElo "1918"]
[PlyCount "54"]
[EventDate "2012.05.06"]
[WhiteTeam "Bradford DCA Knights A"]
[BlackTeam "Spirit of Atticus"]

1. e4 c5 2. c3 Nf6 3. e5 Nd5 4. d4 cxd4 5. Nf3 e6 6. cxd4 Nc6 7. Nc3 d6 8. Bb5
Bd7 9. exd6 Bxd6 10. O-O O-O 11. Ne4 Be7 12. a3 Qb6 13. Bd3 f5 14. Nc3 Nxd4 15.
Nxd5 exd5 16. Ne5 Qc7 17. Nxd7 Qxd7 18. Be3 Nc6 19. Rc1 Rad8 20. Bb5 f4 21.
Bxa7 f3 22. gxf3 Qh3 23. Bxc6 Rf5 24. Bxd5+ Rfxd5 25. Qb3 Kh8 26. Be3 Bd6 27.
f4 Rg5+ 0-1

[Event "4NCL Division 2d"]
[Site "Barcelo Hotel, Hinckley Island"]
[Date "2012.05.06"]
[Round "10.25"]
[White "Quillan, Gary"]
[Black "Tippleston, Charles E"]
[Result "1/2-1/2"]
[WhiteElo "2412"]
[BlackElo "2150"]
[PlyCount "72"]
[EventDate "2012.05.06"]
[WhiteTeam "3Cs 1"]
[BlackTeam "FCA Solutions 1"]

1. e4 c5 2. Nf3 e6 3. c3 Nf6 4. e5 Nd5 5. d4 cxd4 6. cxd4 b6 7. Nc3 Nxc3 8.
bxc3 Be7 9. Bd3 Ba6 10. O-O Bxd3 11. Qxd3 d5 12. exd6 Bxd6 13. c4 Nd7 14. Bb2
O-O 15. Rfe1 Be7 16. Rad1 Bf6 17. Nd2 Be7 18. Qg3 Qb8 19. Qh3 Re8 20. d5 Nc5
21. Qg4 Bf8 22. Nf3 exd5 23. Nh4 Nd3 24. Nf5 Qf4 25. Qxf4 Rxe1+ 26. Rxe1 Nxf4
27. cxd5 Nxd5 28. Rd1 Nf4 29. g3 Ne6 30. Rd7 Bc5 31. Bxg7 Nxg7 32. Nh6+ Kh8 33.
Nxf7+ Kg8 34. Nh6+ Kh8 35. Nf7+ Kg8 36. Nh6+ Kh8 1/2-1/2

[Event "4NCL Division 2d"]
[Site "Barcelo Hotel, Hinckley Island"]
[Date "2012.05.06"]
[Round "10.26"]
[White "Brown, Alan M"]
[Black "Ashton, Adam G"]
[Result "1/2-1/2"]
[WhiteElo "2135"]
[BlackElo "2365"]
[PlyCount "92"]
[EventDate "2012.05.06"]
[WhiteTeam "FCA Solutions 1"]
[BlackTeam "3Cs 1"]

1. d4 d5 2. Nf3 e6 3. c4 c6 4. e3 Nf6 5. Bd3 Nbd7 6. O-O Bd6 7. Nc3 dxc4 8.
Bxc4 b5 9. Bd3 O-O 10. e4 e5 11. Ne2 Re8 12. Bg5 Bb7 13. Rc1 a6 14. Ng3 exd4
15. Nxd4 h6 16. Be3 c5 17. Ndf5 Bf8 18. f3 c4 19. Bb1 Qc7 20. Qe2 Rad8 21. Rfd1
Ne5 22. Kh1 Rxd1+ 23. Rxd1 Rd8 24. Bf4 Rxd1+ 25. Qxd1 Nd3 26. Bxc7 Nf2+ 27. Kg1
Nxd1 28. Be5 Nd7 29. Bd4 Bc5 30. b3 Nc3 31. Bc2 Nxa2 32. bxc4 bxc4 33. Kf1 Nb4
34. Bd1 Bxd4 35. Nxd4 a5 36. Nge2 Nc5 37. Nc3 Bc8 38. Ndb5 Nbd3 39. Na3 Be6 40.
Ke2 Nf4+ 41. Kf1 g5 42. g3 Nfd3 43. Ke2 Nb4 44. Ke3 f6 45. Nxc4 Bxc4 46. Kd4
Bb3 1/2-1/2

[Event "4NCL Division 2d"]
[Site "Barcelo Hotel, Hinckley Island"]
[Date "2012.05.06"]
[Round "10.27"]
[White "Walton, Alan J"]
[Black "Habershon, Paul F"]
[Result "1-0"]
[WhiteElo "2159"]
[BlackElo "2122"]
[PlyCount "93"]
[EventDate "2012.05.06"]
[WhiteTeam "3Cs 1"]
[BlackTeam "FCA Solutions 1"]

1. d4 Nf6 2. Bg5 c5 3. d5 Qb6 4. Nc3 Qxb2 5. Bd2 Qb6 6. e4 d6 7. f4 g6 8. Nf3
Bg7 9. Be2 O-O 10. Rb1 Qd8 11. O-O Nbd7 12. Qe1 a6 13. a4 b6 14. Qh4 Bb7 15.
Bc4 Qc7 16. Rbe1 b5 17. axb5 Nb6 18. Be2 c4 19. bxa6 Rxa6 20. f5 gxf5 21. Qg3
Kh8 22. Ng5 h6 23. Nh3 fxe4 24. Rxf6 exf6 25. Nxe4 Nxd5 26. Qh4 Qb6+ 27. Nef2
Ne3 28. Bf1 Nf5 29. Qxc4 Raa8 30. Qf4 Qc5 31. Bd3 Qd5 32. Be4 Qd4 33. c3 Qe5
34. Bxb7 Qxf4 35. Bxf4 Ra2 36. g4 Nh4 37. Bg3 Ng6 38. Bd5 Rc2 39. Ne4 Ne5 40.
Nxd6 Rxc3 41. Bxe5 fxe5 42. Nf2 Rc7 43. Nfe4 Kh7 44. Rf1 Kg6 45. Ng3 Rd7 46.
Be4+ Kg5 47. Rf5+ 1-0

[Event "4NCL Division 2d"]
[Site "Barcelo Hotel, Hinckley Island"]
[Date "2012.05.06"]
[Round "10.28"]
[White "Malhotra, Tarun"]
[Black "Jaunooby, Ali Reza"]
[Result "0-1"]
[WhiteElo "1982"]
[BlackElo "2189"]
[PlyCount "78"]
[EventDate "2012.05.06"]
[WhiteTeam "FCA Solutions 1"]
[BlackTeam "3Cs 1"]

1. e4 d5 2. exd5 Nf6 3. d4 Nxd5 4. c4 Nb6 5. Nc3 g6 6. Be3 Bg7 7. Qd2 O-O 8.
O-O-O Nc6 9. h4 h5 10. Bh6 e5 11. Bxg7 Kxg7 12. d5 Na5 13. c5 Nbc4 14. Bxc4
Nxc4 15. Qe2 b5 16. Nxb5 a6 17. Nc3 Na5 18. Qxe5+ f6 19. Qf4 Nb7 20. Qb4 a5 21.
Qd4 a4 22. Nge2 Ra5 23. c6 Nd6 24. f3 a3 25. b3 Qe7 26. g4 Nb5 27. Qd2 hxg4 28.
h5 g5 29. h6+ Kh8 30. f4 Nxc3 31. Nxc3 gxf4 32. d6 Qxd6 33. Qxd6 cxd6 34. Rxd6
Rc5 35. Kd2 g3 36. Nd5 Bf5 37. Nxf4 Rc2+ 38. Ke1 Re8+ 39. Kf1 Rf2+ 0-1

[Event "4NCL Division 2d"]
[Site "Barcelo Hotel, Hinckley Island"]
[Date "2012.05.06"]
[Round "10.30"]
[White "Smith, Graham M"]
[Black "Adams, Philip"]
[Result "1/2-1/2"]
[WhiteElo "2069"]
[BlackElo "2097"]
[PlyCount "47"]
[EventDate "2012.05.06"]
[WhiteTeam "FCA Solutions 1"]
[BlackTeam "3Cs 1"]

1. Nf3 Nf6 2. c4 g6 3. g3 Bg7 4. Bg2 O-O 5. O-O d6 6. d4 Nc6 7. Nc3 a6 8. Qd3
Rb8 9. d5 Nb4 10. Qb1 a5 11. a3 Na6 12. Ra2 Nc5 13. e4 a4 14. Be3 Nfd7 15. Qc2
Ra8 16. Raa1 Nb3 17. Rad1 Ndc5 18. Nd4 Nxd4 19. Bxd4 Bxd4 20. Rxd4 e5 21. dxe6
Bxe6 22. Nd5 Bxd5 23. Rxd5 Re8 24. Rfd1 1/2-1/2

[Event "4NCL Division 2d"]
[Site "Barcelo Hotel, Hinckley Island"]
[Date "2012.05.06"]
[Round "10.31"]
[White "Whitehead, David J"]
[Black "Reuben, Stewart"]
[Result "1-0"]
[WhiteElo "2049"]
[BlackElo "2115"]
[PlyCount "61"]
[EventDate "2012.05.06"]
[WhiteTeam "3Cs 1"]
[BlackTeam "FCA Solutions 1"]

1. e4 c5 2. Nf3 Nc6 3. d4 cxd4 4. Nxd4 g6 5. Nc3 Bg7 6. Be3 Nf6 7. Bc4 O-O 8.
Bb3 a6 9. f3 Qc7 10. Qd2 b5 11. O-O-O Bb7 12. h4 Na5 13. h5 e5 14. Nf5 Nxb3+
15. axb3 gxf5 16. h6 f4 17. hxg7 Kxg7 18. Bf2 b4 19. Nd5 Nxd5 20. exd5 Rac8 21.
Qd3 f5 22. g4 fxg3 23. Rdg1 d6 24. Bxg3 Kh8 25. f4 Bxd5 26. fxe5 Be4 27. exd6
Qg7 28. Be5 Rxc2+ 29. Kd1 Rg2 30. Bxg7+ Kxg7 31. Rxg2+ 1-0